| Registos Bibliográficos associados ao registo de autoridade |
|
Etiqueta de registo: 00000nam 2200025 450 001 2163810 003 http://id.bnportugal.gov.pt/bib/catbnp/2163810 021 ## $aPT$bM. 8.544-1969 100 ## $a20240412d1969 m y0pory01030103ba 101 1# $aspa$ceng 102 ## $aES 106 ## $ar 200 1# $aNarraciones extraordinarias 210 #9 $aBarcelona$cSalvat ; $cAlinza,$dcop. 1969 215 ## $a189, [3] p. 225 2# $aLibro RTV$v3 675 ## $a821.111(73)-34"18"$vBN$zpor$3561134 700 #1 $aPoe,$bEdgar Allan,$f1809-1849$337457 702 #1 $aIbanêz Serrador,$bNarciso$4075$31915664 702 #1 $aFarrán y Mayoral,$bJ.$4730$3862441 801 #0 $aPT$bBN$gRPC 966 ## $lBN$mFGMON$sL. 124082 P.$x3 971 ## $ccsilva$d20240412 973 ## $cigoulao$d20260616
|
|
|